LEADER 00711nam0-22002771i-450- 001 990000539330403321 005 20001010 035 $a000053933 035 $aFED01000053933 035 $a(Aleph)000053933FED01 035 $a000053933 100 $a20001010d--------km-y0itay50------ba 101 0 $aita 105 $ay-------001yy 200 1 $aStatistics$ean introduction$fHarold J. Larson 210 $aNew York$cWiley$ds.d. 215 $a16 cm$d418 p. 700 1$aLarson,$bHarold J.$029068 801 0$aIT$bUNINA$gRICA$2UNIMARC 901 $aBK 912 $a990000539330403321 952 $a05 PH 23 44$b2294$fDININ 959 $aDININ 996 $aStatistics$9329487 997 $aUNINA DB $aING01 LEADER 00976nam a2200253 i 4500 001 991003280649707536 005 20021205144423.0 008 021021s|||| de ||| | lat 035 $ab1178295x-39ule_inst 035 $aPARLA223492$9ExL 040 $aDip.to Scienze Storiche Filosofiche e Geografiche$bita 100 1 $aMaimonides, Moses$0205605 245 10$aMoses Maimonides /$ced. Augustinus Justinianus 250 $aUnver. Nachdruck 260 $aFrankfurt a.m. :$bMinerva,$c1964 300 $a1 v. (paginazione varia) ;$c31 cm. 500 $aRipr. anast. della trad. latina (Parisiis, 1520) della Guida dei perplessi 700 1 $aAugustinus : Justinianus 907 $a.b1178295x$b21-09-06$c09-12-02 912 $a991003280649707536 945 $aLE009 STOR.37-125$g1$i2009000132344$lle009$o-$pE0.00$q-$rn$so $t0$u2$v0$w2$x0$y.i12029737$z09-12-02 996 $aMoses Maimonides$9906423 997 $aUNISALENTO 998 $ale009$b01-01-02$cm$da $e-$flat$gde $h0$i1 LEADER 01340nam 2200397 a 450 001 9910700182403321 005 20110919152413.0 035 $a(CKB)5470000002407139 035 $a(OCoLC)753570330 035 $a(EXLCZ)995470000002407139 100 $a20110919d2011 ua 0 101 0 $aeng 135 $aurbn||||||||| 181 $ctxt$2rdacontent 182 $cc$2rdamedia 183 $acr$2rdacarrier 200 00$aConservation Reserve Enhancement Program (CREP)$b[electronic resource] $eIowa state 210 1$a[Washington, D.C.] :$cU.S. Dept. of Agriculture, Farm Service Agency,$d[2011] 215 $a1 online resource (2 pages) 225 1 $aFact sheet 300 $aTitle from title screen (viewed on Sept. 19, 2011). 300 $a"February 2011." 517 $aConservation Reserve Enhancement Program 606 $aAgricultural conservation$zIowa 606 $aConservation of natural resources$zIowa 606 $aEnvironmental protection$zIowa 615 0$aAgricultural conservation 615 0$aConservation of natural resources 615 0$aEnvironmental protection 712 02$aUnited States.$bFarm Service Agency. 801 0$bGPO 801 1$bGPO 906 $aBOOK 912 $a9910700182403321 996 $aConservation Reserve Enhancement Program (CREP)$93509624 997 $aUNINA